000 00264pab a2200109 454500
008 180718b xxu||||| |||| 00| 0 eng d
100 _aAbdullah, Hasan
245 _aGoal of education: towards better schools
650 _aEducation
773 _aStatesman
909 _a2418
999 _c2418
_d2418